Основи біржового права (Запис № 330345)

МАРК-запис
000 -LEADER
fixed length control field 00743nam a22002537a 4500
001 - CONTROL NUMBER
control field 44221
003 - CONTROL NUMBER IDENTIFIER
control field UA-OsUOA
005 - DATE AND TIME OF LATEST TRANSACTION
control field 20210716224029.0
007 - PHYSICAL DESCRIPTION FIXED FIELD--GENERAL INFORMATION
fixed length control field ta
008 - FIXED-LENGTH DATA ELEMENTS--GENERAL INFORMATION
fixed length control field 20070214b un ||||| |||| 00| 0 ukr d
020 ## - INTERNATIONAL STANDARD BOOK NUMBER
International Standard Book Number 9663510129
040 ## - CATALOGING SOURCE
Original cataloging agency UA-OsUOA
Language of cataloging ukr
Transcribing agency UA-OsUOA
Modifying agency UA-OsUOA
041 ## - LANGUAGE CODE
Language code of text/sound track or separate title ukr
080 ## - UNIVERSAL DECIMAL CLASSIFICATION NUMBER
Universal Decimal Classification number 347.731.1(075.8)
090 ## - LOCALLY ASSIGNED LC-TYPE CALL NUMBER (OCLC); LOCAL CALL NUMBER (OCLC)
Classification number (OCLC) (R) ; Classification number, CALL (RLIN) (NR) 347.731.1(075.8)
Local cutter number (OCLC) ; Book number/undivided call number, CALL (RLIN) К64
100 ## - MAIN ENTRY--PERSONAL NAME
Personal name Кононенко І. В.
245 ## - TITLE STATEMENT
Title Основи біржового права
Remainder of title навч. посіб.
260 ## - PUBLICATION, DISTRIBUTION, ETC. (IMPRINT)
Place of publication, distribution, etc К.
Name of publisher, distributor, etc Кондор
Date of publication, distribution, etc 2007
300 ## - PHYSICAL DESCRIPTION
Extent 576 с.
650 #7 - SUBJECT ADDED ENTRY--TOPICAL TERM
Topical term or geographic name as entry element 347 Цивільне право. Судовий устрій
Source of heading or term UDC
942 ## - ADDED ENTRY ELEMENTS (KOHA)
Koha item type Книги
Source of classification or shelving scheme Universal Decimal Classification
955 ## - COPY-LEVEL INFORMATION (RLIN)
Classification number, CCAL (RLIN) Навчальні видання
Фонди
Withdrawn status Lost status Source of classification or shelving scheme Damaged status Not for loan Home library Current library Date acquired Source of acquisition Cost, normal purchase price Inventory number Total Checkouts Full call number Barcode Date last seen Price effective from Koha item type
    Universal Decimal Classification     ЧЗ - Читальна зала ЧЗ - Читальна зала 14/02/2007 24/2007 55.00 102924   347.731.1(075.8) К64 102924 09/02/2022 14/02/2007 Книги
    Universal Decimal Classification     ЧЗ - Читальна зала ЧЗ - Читальна зала 10/07/2008 87/2008 75.00 113835   347.731.1(075.8)(477) К64 113835 09/02/2022 10/07/2008 Книги
    Universal Decimal Classification     ЧЗ - Читальна зала ЧЗ - Читальна зала 11/04/2011 47/2011 160.00 131918   347.731.1(075.8) К64 131918 09/02/2022 11/04/2011 Книги